| 000 | 01080nam a2200277Ia 4500 | ||
|---|---|---|---|
| 003 | OSt | ||
| 005 | 20220923211532.0 | ||
| 006 | a|||||r|||| 00| 0 | ||
| 007 | ta | ||
| 008 | 220922b |||||||| |||| 00| 0 san d | ||
| 020 |
_a9789382091745 (hbk) _c134 |
||
| 024 | _a282,845 | ||
| 037 |
_b183, 24/10/2014, Vidyanidhi Prakashan _cTextual |
||
| 040 |
_aARTS _cARTS _bsan |
||
| 041 |
_2san _asan |
||
| 082 | _aO15,1N43x, 152Q3 | ||
| 100 | _aत्रिपाठी, ररधवल्लभ, संपा. | ||
| 245 | 0 | _aशिखरिणी | |
| 246 | _aShikhariṇī | ||
| 260 |
_aदिल्ली _b राष्ट्रियसंस्कृतसंस्थानम् _c2013 |
||
| 300 |
_a127पृ0 _ccm. |
||
| 490 | _aलोक प्रिय साहित्य ग्रन्थमाला; 65 | ||
| 650 | _aसाहित्य संस्कृत | ||
| 942 |
_hO15,1N43x, 152Q3 _cTEXL _2CC |
||
| 999 |
_c300548 _d300548 |
||